Drámapedagógia a magyar felsőoktatásban

Elmentve itt :
Bibliográfiai részletek
Szerző: Szauder Erik
Dokumentumtípus: Cikk
Megjelent: 2002
Sorozat:Iskolakultúra 12 No. 9
Online Access:http://misc.bibl.u-szeged.hu/39995
LEADER 00565nab a2200169 i 4500
001 misc39995
005 20191106140843.0
008 180709s2002 hu o 0|| zxx d
022 |a 1215-5233 
040 |a SZTE Miscellanea Repozitórium  |b hun 
041 |a zxx 
100 1 |a Szauder Erik 
245 1 0 |a Drámapedagógia a magyar felsőoktatásban  |h [elektronikus dokumentum] /  |c  Szauder Erik 
260 |c 2002 
300 |a 114-116 
490 0 |a Iskolakultúra  |v 12 No. 9 
856 4 0 |u http://misc.bibl.u-szeged.hu/39995/1/EPA00011_iskolakultura_2002_09_114-116.pdf  |z Dokumentum-elérés